[Event "94th GER-ch"]
[Site "Ostfildern GER"]
[Date "2023.08.15"]
[Round "2.10"]
[White "Gramb, Marius"]
[Black "Lagunow, Raphael"]
[Result "0-1"]
[WhiteElo "2219"]
[BlackElo "2413"]
[EventDate "2023.08.13"]
[PlyCount "94"]

1.e4 c5 2.c3 Nf6 3.e5 Nd5 4.Nf3 d6 5.Bb5+ Nc6 6.O-O Bg4 7.h3 Bh5 8.d4 cxd4
9.g4 Bg6 10.Qxd4 Nc7 11.Bxc6+ bxc6 12.Qa4 Qd7 13.exd6 exd6 14.Rd1 c5 15.
Qxd7+ Kxd7 16.Ne5+ Ke6 17.Nxg6 hxg6 18.Kg2 d5 19.Bf4 Bd6 20.Bxd6 Kxd6 21.
Nd2 Kc6 22.b4 Ne6 23.Kg3 g5 24.Nf3 Nf4 25.Nxg5 Ne2+ 26.Kh2 Nxc3 27.Rdc1 
cxb4 28.Nxf7 Rhe8 29.Rc2 d4 30.Rd2 Kd5 31.Kg2 Ne4 32.Rb2 Re7 33.f3 Nc3 34.
Ng5 a5 35.Rf1 Rae8 36.Ne4 Nxe4 37.fxe4+ Rxe4 38.Rf5+ R4e5 39.Rff2 d3 40.
Kf1 Re1+ 41.Kg2 R1e2 42.h4 Rxb2 43.Rxb2 Re2+ 44.Rxe2 dxe2 45.Kf2 a4 46.
Kxe2 b3 47.axb3 a3 0-1

[Event "94th GER-ch"]
[Site "Ostfildern GER"]
[Date "2023.08.15"]
[Round "2.12"]
[White "Arndt, Magnus"]
[Black "Ronge, Tim"]
[Result "1/2-1/2"]
[WhiteElo "2405"]
[BlackElo "2273"]
[EventDate "2023.08.13"]
[PlyCount "107"]

1.d4 Nf6 2.Nf3 g6 3.Nbd2 Bg7 4.e4 d6 5.Bd3 O-O 6.O-O Nc6 7.c3 e5 8.Re1 Nh5
9.Nb3 Bg4 10.Be2 Nf4 11.Bxf4 exf4 12.Nfd2 Bd7 13.Bg4 f5 14.exf5 Bxf5 15.
Bxf5 Rxf5 16.Nf3 Kh8 17.d5 Ne5 18.Re4 Qg8 19.c4 Nxf3+ 20.Qxf3 Bxb2 21.Rb1 
Qg7 22.Rxf4 Rxf4 23.Qxf4 b6 24.Qe4 Rf8 25.Re1 Qf6 26.Re2 Kg7 27.g3 Rf7 28.
Kg2 h5 29.h4 Bc3 30.Nc1 a6 31.Nd3 Qd4 32.Qxd4+ Bxd4 33.Re8 b5 34.cxb5 axb5
35.Rb8 Bb6 36.Nf4 Rf5 37.Re8 Re5 38.Rc8 Kf7 39.Kf3 Rf5 40.Rh8 Kg7 41.Re8 
Kf7 42.Re4 Ba5 43.Ke2 Re5 44.Rxe5 dxe5 45.Nd3 e4 46.Nc5 Kf6 47.d6 cxd6 48.
Nxe4+ Ke5 49.Ng5 d5 50.Nh3 Kf5 51.Nf4 d4 52.Kd3 Be1 53.Ke2 Ba5 54.Kd3 
1/2-1/2

[Event "94th GER-ch"]
[Site "Ostfildern GER"]
[Date "2023.08.15"]
[Round "2.13"]
[White "Graf, Alexander"]
[Black "Kocharin, Timur"]
[Result "1-0"]
[WhiteElo "2543"]
[BlackElo "2179"]
[EventDate "2023.08.13"]
[PlyCount "115"]

1.d4 d5 2.c4 e6 3.Nc3 c6 4.e3 Nd7 5.b3 Ngf6 6.Bb2 Bd6 7.Nf3 b6 8.Bd3 Bb7 
9.Qe2 Qe7 10.O-O c5 11.cxd5 exd5 12.Ba6 Bxa6 13.Qxa6 O-O 14.Rfd1 cxd4 15.
Rxd4 Nc5 16.Qe2 Rad8 17.g3 Qe6 18.Rad1 Be7 19.Nh4 Nce4 20.Ng2 Nxc3 21.Bxc3
Bd6 22.R4d3 Ne4 23.Bb2 Bb8 24.Qh5 f5 25.Nf4 Bxf4 26.exf4 Rf7 27.Re3 Rfd7 
28.Bd4 Qf7 29.Qe2 Re8 30.Rc1 Rdd8 31.f3 Nf6 32.Rc6 Rxe3 33.Qxe3 Re8 34.Qd3
Re6 35.Rc8+ Re8 36.Qxf5 Rxc8 37.Qxc8+ Ne8 38.Be5 Qe7 39.g4 Qc5+ 40.Qxc5 
bxc5 41.f5 Kf7 42.Kf2 Nf6 43.Bxf6 Kxf6 44.f4 h5 45.h3 h4 46.Ke3 a5 47.Kd3 
Ke7 48.g5 Kd6 49.f6 gxf6 50.g6 Ke7 51.f5 Kf8 52.Kc3 Kg7 53.Kb2 Kh6 54.Ka3 
Kg7 55.Ka4 Kh6 56.Kb5 d4 57.Kc4 Kg7 58.a3 1-0

[Event "94th GER-ch"]
[Site "Ostfildern GER"]
[Date "2023.08.15"]
[Round "2.14"]
[White "Bracker, Arne"]
[Black "Wachinger, Nikolas"]
[Result "0-1"]
[WhiteElo "2267"]
[BlackElo "2446"]
[EventDate "2023.08.13"]
[PlyCount "54"]

1.e4 c5 2.Nf3 Nc6 3.Bb5 e5 4.O-O Bd6 5.d4 Nxd4 6.Nxd4 cxd4 7.c3 Bc5 8.b4 
Bb6 9.a4 a6 10.Bc4 Nf6 11.Bg5 d6 12.a5 Ba7 13.Qb3 O-O 14.cxd4 Bxd4 15.Ra3 
h6 16.Bxf6 Qxf6 17.Nc3 Be6 18.Nd5 Qh4 19.Qb1 Rac8 20.Ba2 Kh8 21.Rf3 Bg4 
22.Rg3 f5 23.exf5 Bxf5 24.Qb3 Bc2 25.Qa3 e4 26.Ne3 Bd3 27.Rd1 Qf4 0-1

[Event "94th GER-ch"]
[Site "Ostfildern GER"]
[Date "2023.08.15"]
[Round "2.15"]
[White "Weishaeutel, Moritz"]
[Black "Bosselmann, Tom Linus"]
[Result "1-0"]
[WhiteElo "2427"]
[BlackElo "2106"]
[EventDate "2023.08.13"]
[PlyCount "65"]

1.d4 Nf6 2.c4 g6 3.g3 Bg7 4.Bg2 d5 5.cxd5 Nxd5 6.e4 Nb6 7.Ne2 O-O 8.O-O a5
9.Nbc3 Nc6 10.d5 Nb4 11.a3 Na6 12.Nf4 Bd7 13.Qe2 Qe8 14.Rd1 e5 15.Nd3 a4 
16.Be3 Nc4 17.Nc5 Nxe3 18.Qxe3 Nxc5 19.Qxc5 Qb8 20.Rac1 b6 21.Qc4 Bh6 22.
Rc2 Ra5 23.Qf1 Rc5 24.Bh3 Bb5 25.Qxb5 Rxb5 26.Nxb5 f5 27.Nxc7 Rf7 28.d6 
Qd8 29.exf5 gxf5 30.Bf1 Kh8 31.Bb5 Qf6 32.d7 Rf8 33.Ne8 1-0

[Event "94th GER-ch"]
[Site "Ostfildern GER"]
[Date "2023.08.15"]
[Round "2.16"]
[White "Colbow, Collin"]
[Black "Herrmann, Jakob"]
[Result "1-0"]
[WhiteElo "2409"]
[BlackElo "2068"]
[EventDate "2023.08.13"]
[PlyCount "73"]

1.e4 c5 2.Nf3 d6 3.d4 cxd4 4.Nxd4 Nf6 5.Nc3 g6 6.Be3 Bg7 7.f3 O-O 8.Qd2 
Nc6 9.O-O-O d5 10.exd5 Nxd5 11.Nxc6 bxc6 12.Bd4 e5 13.Bc5 Be6 14.Ne4 Re8 
15.h4 h6 16.h5 g5 17.g4 Qc7 18.Bc4 Red8 19.Qf2 Nf4 20.Bxe6 Nxe6 21.Bd6 Qb6
22.Rd2 Qxf2 23.Rxf2 Rd7 24.Rd1 Rad8 25.c3 f6 26.Rfd2 Rf7 27.Ng3 Rfd7 28.
Nf5 Kf7 29.Ba3 Rxd2 30.Rxd2 Rd5 31.Nd6+ Kg8 32.Nc8 Bf8 33.Bxf8 Kxf8 34.
Nxa7 Nd8 35.Nc8 Nb7 36.Rxd5 cxd5 37.Nb6 1-0

[Event "94th GER-ch"]
[Site "Ostfildern GER"]
[Date "2023.08.15"]
[Round "2.17"]
[White "Dahl, Christoph"]
[Black "Buescher, Andre"]
[Result "1-0"]
[WhiteElo "2336"]
[BlackElo "2055"]
[EventDate "2023.08.13"]
[PlyCount "69"]

1.e4 c6 2.Nc3 d5 3.Nf3 dxe4 4.Nxe4 Nf6 5.Qe2 Bf5 6.Nxf6+ gxf6 7.d4 Qd5 8.
c4 Qe4 9.Be3 e5 10.a3 Nd7 11.Rc1 exd4 12.Nxd4 Bg6 13.Qf3 f5 14.Be2 Bg7 15.
Rd1 O-O-O 16.O-O Ne5 17.Qg3 h5 18.Rfe1 Rhe8 19.f4 h4 20.Qh3 Ng4 21.Bxg4 
Rxd4 22.Bxd4 Bxd4+ 23.Kf1 Qxf4+ 24.Qf3 Rxe1+ 25.Kxe1 Qe5+ 26.Kf1 Kc7 27.
Bh5 c5 28.Bxg6 fxg6 29.Re1 Qf6 30.Qd5 h3 31.g3 f4 32.Re6 Qf8 33.g4 f3 34.
b4 b6 35.Qc6+ 1-0

[Event "94th GER-ch"]
[Site "Ostfildern GER"]
[Date "2023.08.15"]
[Round "2.18"]
[White "Weber, Samuel"]
[Black "Feidt, Jonas"]
[Result "1-0"]
[WhiteElo "2276"]
[BlackElo "1974"]
[EventDate "2023.08.13"]
[PlyCount "109"]

1.e3 d5 2.Nf3 g6 3.d4 Bg7 4.Be2 Nf6 5.O-O O-O 6.Nbd2 b6 7.Ne5 Bb7 8.b4 c5 
9.bxc5 bxc5 10.Rb1 Qc7 11.c3 Nbd7 12.Nxd7 Nxd7 13.Ba3 Rab8 14.Nb3 c4 15.
Nc5 Nxc5 16.Bxc5 Bc6 17.Qc2 Rfe8 18.Rb2 Bd7 19.Rxb8 Rxb8 20.e4 e6 21.Rb1 
Bf8 22.Bxf8 Kxf8 23.exd5 exd5 24.Bf3 Be6 25.h4 Rxb1+ 26.Qxb1 Qb6 27.Qc1 h5
28.Qa3+ Ke8 29.Kh2 a6 30.g3 Qb5 31.Bd1 Bd7 32.Bc2 Qb6 33.Kg2 Qb5 34.Kf3 
Qb6 35.Ke3 Qc6 36.Qc5 Qb5 37.Qxb5 axb5 38.Kf4 Ke7 39.f3 Kf6 40.g4 Be8 41.
gxh5 gxh5 42.Bf5 Bc6 43.Bc8 Be8 44.a3 Bc6 45.Ba6 Be8 46.Bb7 Ke6 47.Kg5 f6+
48.Kh6 Kf5 49.Bxd5 Kf4 50.Be6 Kg3 51.d5 Kxh4 52.Kg7 Kg3 53.Kf8 b4 54.axb4 
Bb5 55.d6 1-0

[Event "94th GER-ch"]
[Site "Ostfildern GER"]
[Date "2023.08.16"]
[Round "3.1"]
[White "Koelle, Tobias"]
[Black "Dauner, Benedikt"]
[Result "1-0"]
[WhiteElo "2438"]
[BlackElo "2377"]
[EventDate "2023.08.13"]
[PlyCount "51"]

1.d4 Nf6 2.c4 e6 3.Nf3 d5 4.Nc3 c6 5.Bg5 dxc4 6.e4 b5 7.e5 h6 8.Bh4 g5 9.
Nxg5 hxg5 10.Bxg5 Nbd7 11.exf6 Bb7 12.g3 c5 13.d5 Qb6 14.Bg2 O-O-O 15.O-O 
b4 16.Rb1 Qa6 17.dxe6 Bxg2 18.e7 Bxe7 19.fxe7 Rdg8 20.Kxg2 bxc3 21.Qd5 Rg6
22.Rfe1 Re6 23.Rxe6 fxe6 24.Qa8+ Nb8 25.bxc3 Qb7+ 26.Qxb7# 1-0

[Event "94th GER-ch"]
[Site "Ostfildern GER"]
[Date "2023.08.16"]
[Round "3.2"]
[White "Fridman, Daniel"]
[Black "Gloeckler, Christian"]
[Result "1-0"]
[WhiteElo "2586"]
[BlackElo "2318"]
[EventDate "2023.08.13"]
[PlyCount "99"]

1.g3 e5 2.Bg2 d5 3.d3 c6 4.Nf3 Bd6 5.O-O Ne7 6.e4 O-O 7.Nbd2 f5 8.Re1 Ng6 
9.h4 Qf6 10.c3 Na6 11.b4 Nc7 12.Bb2 fxe4 13.dxe4 Bg4 14.Qe2 Ne6 15.Qf1 Nc7
16.Re3 a5 17.a3 axb4 18.axb4 Rxa1 19.Qxa1 Ne6 20.Qa2 Ne7 21.exd5 cxd5 22.
c4 d4 23.Re4 Bf5 24.c5 Bc7 25.Re1 Kh8 26.Ne4 Bxe4 27.Rxe4 Qf5 28.Qb1 Nd5 
29.Qe1 Nxb4 30.g4 Qf6 31.Qxb4 Nf4 32.Qb3 h5 33.Bf1 hxg4 34.Ng5 d3 35.Qd1 
Qf5 36.Bc1 Ne6 37.f3 Nxc5 38.Rxg4 e4 39.Nxe4 Nxe4 40.Rxe4 Qg6+ 41.Bg5 Qb6+
42.Kg2 Qd6 43.f4 Qc6 44.Bxd3 b5 45.Qe2 Rb8 46.Kh2 Bd6 47.Re6 Qd7 48.Qe4 
Kg8 49.Qh7+ Kf8 50.Rf6+ 1-0

[Event "94th GER-ch"]
[Site "Ostfildern GER"]
[Date "2023.08.16"]
[Round "3.3"]
[White "Kunin, Vitaly"]
[Black "Schulz, Lukas"]
[Result "1-0"]
[WhiteElo "2532"]
[BlackElo "2347"]
[EventDate "2023.08.13"]
[PlyCount "63"]

1.d4 Nf6 2.c4 g6 3.Nc3 Bg7 4.e4 d6 5.h3 O-O 6.Bg5 Nbd7 7.Bd3 e5 8.d5 Nc5 
9.Bc2 a5 10.Nge2 Bd7 11.Qd2 Qb8 12.Be3 c6 13.O-O cxd5 14.exd5 Rc8 15.f4 b5
16.fxe5 dxe5 17.cxb5 Bxb5 18.Rab1 Ba6 19.Rf2 Ne8 20.Bh6 Ra7 21.Ng3 Bh8 22.
Nce4 Nxe4 23.Nxe4 Qb4 24.d6 Qxd2 25.Rxd2 Nf6 26.Nxf6+ Bxf6 27.Be3 Rb7 28.
d7 Rd8 29.Rd6 Bc4 30.Rxf6 Bxa2 31.Rd1 Rxb2 32.Bb6 1-0

[Event "94th GER-ch"]
[Site "Ostfildern GER"]
[Date "2023.08.16"]
[Round "3.4"]
[White "Deuer, Marius"]
[Black "Tschernatsch, Johannes"]
[Result "1-0"]
[WhiteElo "2440"]
[BlackElo "2319"]
[EventDate "2023.08.13"]
[PlyCount "49"]

1.d4 Nf6 2.c4 g6 3.g3 c6 4.Bg2 d5 5.Qa4 Nfd7 6.cxd5 Nb6 7.Qd1 cxd5 8.Nc3 
Nc6 9.e3 Bf5 10.Nh3 e5 11.dxe5 Nb4 12.O-O Bd3 13.Ne2 Rc8 14.Nhf4 Bc2 15.
Qe1 Nc4 16.e6 f6 17.a3 Nd3 18.Nxd3 Bxd3 19.Qd1 Bxe2 20.Qxe2 Nb6 21.Rd1 Rc6
22.a4 a5 23.Bd2 Na8 24.Qb5 Qc8 25.Bxd5 1-0

[Event "94th GER-ch"]
[Site "Ostfildern GER"]
[Date "2023.08.16"]
[Round "3.5"]
[White "Lagunow, Raphael"]
[Black "Stelmaszyk, Nico"]
[Result "1-0"]
[WhiteElo "2413"]
[BlackElo "2337"]
[EventDate "2023.08.13"]
[PlyCount "73"]

1.e4 c5 2.c3 Nf6 3.e5 Nd5 4.d4 cxd4 5.Bc4 Nb6 6.Bb3 d5 7.exd6 Qxd6 8.Nf3 
Nc6 9.O-O Be6 10.Bxe6 Qxe6 11.Nxd4 Nxd4 12.Qxd4 Rd8 13.Qh4 h5 14.Nd2 Qg4 
15.Qg3 Qxg3 16.hxg3 h4 17.g4 h3 18.g3 a6 19.Nf3 Rd3 20.Be3 Nc4 21.Rfd1 
Rxd1+ 22.Rxd1 e5 23.b3 Nxe3 24.fxe3 Bc5 25.Nxe5 O-O 26.Kh2 Bxe3 27.Rd7 b5 
28.Kxh3 Rc8 29.c4 Bg5 30.Nxf7 Bf6 31.Nd6 Rc5 32.b4 bxc4 33.bxc5 c3 34.c6 
c2 35.c7 g5 36.c8=Q+ Bd8 37.Qxd8# 1-0

[Event "94th GER-ch"]
[Site "Ostfildern GER"]
[Date "2023.08.16"]
[Round "3.6"]
[White "Hacker, Jonas"]
[Black "Nemitz, Alfred"]
[Result "1/2-1/2"]
[WhiteElo "2406"]
[BlackElo "2228"]
[EventDate "2023.08.13"]
[PlyCount "107"]

1.e4 e5 2.Nf3 Nc6 3.Bb5 a6 4.Ba4 Nf6 5.O-O Be7 6.Re1 b5 7.Bb3 d6 8.c3 O-O 
9.h3 Na5 10.Bc2 c5 11.d4 Qc7 12.d5 Bd7 13.b3 c4 14.b4 Nb7 15.a4 a5 16.axb5
Bxb5 17.Na3 Bd7 18.b5 Nc5 19.Nd2 Rab8 20.Rb1 Nd3 21.Bxd3 cxd3 22.c4 Ne8 
23.Rb3 f5 24.exf5 Bxf5 25.Ne4 Bh4 26.Qh5 Qe7 27.Bg5 Bxg5 28.Qxg5 Qa7 29.
Ng3 Bg6 30.Qe3 Qxe3 31.fxe3 e4 32.Nb1 Nf6 33.Nd2 Rfe8 34.Ra3 Ra8 35.Rea1 
Nd7 36.Rxa5 Rac8 37.Ra6 Ne5 38.R1a4 Red8 39.Kf2 h5 40.Ke1 h4 41.Ngxe4 Bxe4
42.Nxe4 Nxc4 43.Rc6 Nxe3 44.Kd2 Nxd5 45.Rd4 Rxc6 46.bxc6 Ne7 47.c7 Rc8 48.
Rxd6 Rxc7 49.Ng5 Rc8 50.Kxd3 Nf5 51.Rd5 g6 52.Rd7 Re8 53.Nf3 Re3+ 54.Kd2 
1/2-1/2

[Event "94th GER-ch"]
[Site "Ostfildern GER"]
[Date "2023.08.16"]
[Round "3.7"]
[White "Wichmann, Cliff"]
[Black "Weishaeutel, Moritz"]
[Result "1/2-1/2"]
[WhiteElo "2310"]
[BlackElo "2427"]
[EventDate "2023.08.13"]
[PlyCount "49"]

1.d4 d5 2.Nf3 c5 3.e3 Nf6 4.a3 cxd4 5.exd4 Nc6 6.Be3 Bg4 7.Nbd2 e6 8.h3 
Bh5 9.c3 Bd6 10.Bd3 O-O 11.O-O Ne7 12.Qc2 Bg6 13.Ne5 Bxd3 14.Qxd3 Qc7 15.
Bf4 Nd7 16.Nxd7 Qxd7 17.Bxd6 Qxd6 18.Rfe1 Ng6 19.Nf3 Rfe8 20.Rad1 Rad8 21.
Ne5 Ne7 22.Nf3 Ng6 23.Ne5 Ne7 24.Nf3 Ng6 25.Ne5 1/2-1/2

[Event "94th GER-ch"]
[Site "Ostfildern GER"]
[Date "2023.08.16"]
[Round "3.8"]
[White "Eichstaedt, Mirko"]
[Black "Meister, Jakob"]
[Result "0-1"]
[WhiteElo "2237"]
[BlackElo "2439"]
[EventDate "2023.08.13"]
[PlyCount "80"]

1.d4 d5 2.Nf3 c6 3.c4 e6 4.Qb3 Bd6 5.g3 Nd7 6.Bg2 Ngf6 7.O-O O-O 8.Nc3 Qe7
9.e4 dxc4 10.Qxc4 e5 11.Nxe5 Nxe5 12.dxe5 Bxe5 13.h3 Be6 14.Qe2 Qb4 15.Qc2
Rad8 16.Be3 Bd4 17.Bxd4 Rxd4 18.Rfd1 Rfd8 19.Rxd4 Rxd4 20.Rd1 Qd6 21.Rxd4 
Qxd4 22.a3 Nd7 23.Ne2 Qd6 24.Nf4 Ne5 25.Nxe6 fxe6 26.Qa4 a6 27.Qb3 b5 28.
f4 Qd4+ 29.Kh2 Nc4 30.f5 e5 31.Qf3 Qd6 32.Qc3 Qd2 33.Qf3 c5 34.f6 Ne3 35.
fxg7 Kxg7 36.h4 c4 37.Kh3 h5 38.Bf1 Qe1 39.Bg2 Qg1 40.Qe2 Ng4 0-1

[Event "94th GER-ch"]
[Site "Ostfildern GER"]
[Date "2023.08.16"]
[Round "3.9"]
[White "Ehmann, Thilo"]
[Black "Graf, Alexander"]
[Result "1/2-1/2"]
[WhiteElo "2402"]
[BlackElo "2543"]
[EventDate "2023.08.13"]
[PlyCount "115"]

1.e4 e6 2.d4 d5 3.Nc3 Nf6 4.Bg5 Be7 5.e5 Ne4 6.Bxe7 Qxe7 7.Nxe4 dxe4 8.c3 
c5 9.Qg4 cxd4 10.Qxg7 Rf8 11.Ne2 Nc6 12.O-O-O dxc3 13.Nxc3 Qc5 14.Qxh7 Bd7
15.Qxe4 Qxf2 16.Bb5 O-O-O 17.Rd2 Qc5 18.Re1 a6 19.Qc4 Qa7 20.Bxc6 Bxc6 21.
g3 Rxd2 22.Kxd2 Qf2+ 23.Qe2 Qf5 24.Kc1 Rh8 25.h4 Rg8 26.Rg1 Bf3 27.Qe3 Bh5
28.b3 Bg6 29.Kb2 Kb8 30.Rg2 Bh5 31.Rf2 Qh3 32.Ne4 Bg6 33.Nd6 Qh1 34.Qf3 
Qb1+ 35.Ka3 Qc1+ 36.Rb2 Qc7 37.b4 Bf5 38.Qe3 f6 39.Rb3 fxe5 40.Qc5 e4 41.
Rc3 Qxc5 42.bxc5 Kc7 43.Kb4 Kc6 44.Kc4 Rg4 45.Re3 b5+ 46.Kd4 a5 47.Nf7 Rg8
48.h5 Rf8 49.Ne5+ Kc7 50.Ra3 a4 51.g4 Rd8+ 52.Ke3 Rd5 53.Kf4 Bxg4 54.Kxg4 
Rxe5 55.h6 Rd5 56.h7 Rd8 57.Rh3 Rh8 58.Kf4 1/2-1/2

[Event "94th GER-ch"]
[Site "Ostfildern GER"]
[Date "2023.08.16"]
[Round "3.10"]
[White "Dahl, Christoph"]
[Black "Poetsch, Hagen"]
[Result "1/2-1/2"]
[WhiteElo "2336"]
[BlackElo "2484"]
[EventDate "2023.08.13"]
[PlyCount "71"]

1.e4 e6 2.d4 d5 3.Nc3 Nf6 4.e5 Nfd7 5.f4 c5 6.Nf3 Nc6 7.Be3 a6 8.Qd2 b5 9.
dxc5 Bxc5 10.Bd3 Qb6 11.Bf2 h6 12.O-O Bxf2+ 13.Rxf2 O-O 14.Rf1 Nc5 15.Ne2 
Ne4 16.Bxe4 dxe4 17.Nfd4 Bb7 18.Qe3 Rad8 19.c3 Ne7 20.Qg3 f5 21.exf6 Rxf6 
22.Kh1 Qd6 23.a3 Nd5 24.Nc2 Kh7 25.Kg1 Rg6 26.Qh3 e5 27.fxe5 Qxe5 28.Qf5 
Qe7 29.Nf4 Nxf4 30.Qxf4 Rd3 31.Ne3 Qc5 32.Re1 Rf6 33.Qg3 Rg6 34.Qf4 Rf6 
35.Qg3 Rg6 36.Qf4 1/2-1/2

[Event "94th GER-ch"]
[Site "Ostfildern GER"]
[Date "2023.08.16"]
[Round "3.11"]
[White "Wachinger, Nikolas"]
[Black "Miller, Eduard"]
[Result "0-1"]
[WhiteElo "2446"]
[BlackElo "2324"]
[EventDate "2023.08.13"]
[PlyCount "52"]

1.e4 c6 2.d4 d5 3.e5 c5 4.Nf3 cxd4 5.Qxd4 Nc6 6.Qf4 e6 7.Nc3 Nb4 8.Qd2 Ne7
9.b3 Ng6 10.Bb2 Bd7 11.O-O-O Rc8 12.a3 Nc6 13.Qe3 Be7 14.h4 O-O 15.Kb1 f6 
16.Nxd5 exd5 17.Rxd5 Qc7 18.Bc4 Kh8 19.e6 Bxe6 20.h5 Nf4 21.h6 g6 22.Ng5 
Bxd5 23.Bxd5 Nxd5 24.Qe6 Nf4 25.Qe4 Bd6 26.g3 Be5 0-1

[Event "94th GER-ch"]
[Site "Ostfildern GER"]
[Date "2023.08.16"]
[Round "3.12"]
[White "Ronge, Tim"]
[Black "Colbow, Collin"]
[Result "0-1"]
[WhiteElo "2273"]
[BlackElo "2409"]
[EventDate "2023.08.13"]
[PlyCount "88"]

1.d4 Nf6 2.Nf3 e6 3.c4 b6 4.g3 Ba6 5.b3 Bb4+ 6.Bd2 Be7 7.Bg2 c6 8.Nc3 d5 
9.cxd5 cxd5 10.Ne5 O-O 11.O-O Nfd7 12.Bc1 Nxe5 13.dxe5 Nc6 14.Bb2 Qc7 15.
f4 Rad8 16.Rc1 Bc5+ 17.Kh1 Be3 18.Ra1 d4 19.Ne4 Nb4 20.Ba3 Nc2 21.Bxf8 
Rxf8 22.Rb1 Na3 23.Rb2 Rc8 24.Bf3 Qc1 25.Rd2 Bxd2 26.Nxd2 Qb2 27.Nb1 Nc2 
28.Qd2 Qxa2 29.Be4 Qxb3 30.Rc1 Ne3 31.Rxc8+ Bxc8 32.Qxd4 Qd1+ 33.Qxd1 Nxd1
34.Kg2 b5 35.Kf3 b4 36.Bc2 Bb7+ 37.e4 Nb2 38.Nd2 Ba6 39.Ke3 Nc4+ 40.Nxc4 
Bxc4 41.Bb1 a5 42.Kd4 Bb3 43.Kc5 Bd1 44.Kc4 Kf8 0-1

[Event "94th GER-ch"]
[Site "Ostfildern GER"]
[Date "2023.08.16"]
[Round "3.13"]
[White "Wong, Gengchun"]
[Black "Arndt, Magnus"]
[Result "1-0"]
[WhiteElo "2257"]
[BlackElo "2405"]
[EventDate "2023.08.13"]
[PlyCount "61"]

1.e4 e5 2.Nf3 Nc6 3.Bb5 a6 4.Ba4 Nf6 5.O-O Be7 6.Re1 b5 7.Bb3 O-O 8.h3 Bb7
9.d3 d5 10.exd5 Nxd5 11.Nxe5 Nxe5 12.Rxe5 Qd6 13.Re1 Rae8 14.Nd2 c5 15.Ne4
Qc6 16.c4 Nb6 17.f3 Bh4 18.Re2 Rd8 19.Qc2 b4 20.a3 f5 21.Nxc5 Qxc5+ 22.Be3
Rd4 23.axb4 Qe5 24.Ra5 Qf6 25.Qc3 Rd7 26.Bxb6 Qg6 27.d4 f4 28.Qc2 Qf6 29.
Rae5 g6 30.c5+ Kg7 31.d5 1-0

[Event "94th GER-ch"]
[Site "Ostfildern GER"]
[Date "2023.08.16"]
[Round "3.15"]
[White "Kocharin, Timur"]
[Black "Malek, Daniel"]
[Result "1/2-1/2"]
[WhiteElo "2179"]
[BlackElo "2321"]
[EventDate "2023.08.13"]
[PlyCount "106"]

1.e4 c6 2.d4 d5 3.exd5 cxd5 4.Bd3 Nc6 5.c3 Qc7 6.Ne2 Bg4 7.O-O Nf6 8.Qe1 
e6 9.f3 Bh5 10.Qh4 Rg8 11.Bxh7 Rh8 12.Bd3 O-O-O 13.Bf4 e5 14.dxe5 Nxe5 15.
Bf5+ Kb8 16.Bxe5 Qxe5 17.Qg3 Bc5+ 18.Nd4 Rhe8 19.Kf2 Ng8 20.Re1 Qxg3+ 21.
hxg3 Ne7 22.g4 Bg6 23.Bxg6 Nxg6 24.Re3 Rxe3 25.Kxe3 Re8+ 26.Kd2 Nh4 27.Na3
Bxa3 28.bxa3 Nxg2 29.Rh1 g6 30.Rh7 Re7 31.Nb5 b6 32.Nd6 Kc7 33.Nxf7 Ne1 
34.Kd1 Nxf3 35.Ng5 Rxh7 36.Nxh7 Kd6 37.Ke2 Ne5 38.g5 Ke6 39.Ke3 Nc4+ 40.
Kd4 Nxa3 41.Nf8+ Kf5 42.Kxd5 Kxg5 43.Kc6 Kf5 44.Nxg6 Kxg6 45.Kb7 Nb5 46.c4
Na3 47.Kxa7 Nxc4 48.Ka6 Kf5 49.Kb5 Nb2 50.Kxb6 Ke6 51.Kb5 Kd6 52.a4 Nxa4 
53.Kxa4 Ke5 1/2-1/2

[Event "94th GER-ch"]
[Site "Ostfildern GER"]
[Date "2023.08.16"]
[Round "3.16"]
[White "Bosselmann, Tom Linus"]
[Black "Gramb, Marius"]
[Result "1/2-1/2"]
[WhiteElo "2106"]
[BlackElo "2219"]
[EventDate "2023.08.13"]
[PlyCount "99"]

1.e4 c6 2.Nc3 d5 3.Nf3 dxe4 4.Nxe4 Nf6 5.Qe2 Bg4 6.h3 Bh5 7.Nxf6+ gxf6 8.
g4 Bg6 9.d4 e6 10.Bf4 Qd5 11.Bg2 Nd7 12.c3 Qe4 13.Be3 Qd3 14.Bf1 Qxe2+ 15.
Bxe2 Be4 16.Rg1 Be7 17.Nd2 Bg6 18.Bh6 f5 19.g5 f4 20.Bf3 Rg8 21.h4 O-O-O 
22.Ne4 e5 23.O-O-O exd4 24.cxd4 Nb6 25.Nf6 Bxf6 26.gxf6 Nd5 27.Bxd5 Rxd5 
28.Bxf4 Rgd8 29.Be3 h5 30.Rg5 R8d6 31.b4 Rxf6 32.Rxd5 cxd5 33.Kb2 Rc6 34.
Rc1 Kd7 35.Rxc6 bxc6 36.Kc3 Ke6 37.Kd2 Bb1 38.a3 Kf5 39.f3 Ba2 40.Bh6 Bb3 
41.Bg5 Ke6 42.Bf4 Kd7 43.Bb8 a6 44.Ke3 Bd1 45.Ba7 Ke6 46.Kf4 Be2 47.Bc5 
Bd1 48.Ba7 Be2 49.Bc5 Bd1 50.Ba7 1/2-1/2

[Event "94th GER-ch"]
[Site "Ostfildern GER"]
[Date "2023.08.16"]
[Round "3.17"]
[White "Buescher, Andre"]
[Black "Bracker, Arne"]
[Result "0-1"]
[WhiteElo "2055"]
[BlackElo "2267"]
[EventDate "2023.08.13"]
[PlyCount "60"]

1.e4 e5 2.Nf3 Nc6 3.Bb5 a6 4.Ba4 Nf6 5.O-O Bc5 6.c3 b5 7.Bc2 d5 8.Nxe5 
Nxe5 9.d4 dxe4 10.dxc5 Qxd1 11.Rxd1 Bg4 12.Re1 O-O-O 13.a4 Kb7 14.b4 Rhe8 
15.Be3 Nd3 16.Bxd3 exd3 17.axb5 axb5 18.Nd2 Nd5 19.Bd4 Rxe1+ 20.Rxe1 Nxb4 
21.Bxg7 Nc2 22.Rb1 Kc6 23.f3 Be6 24.Kf2 Kxc5 25.g4 Bd5 26.Be5 Re8 27.Bf4 
c6 28.h4 Re2+ 29.Kg3 Ne1 30.h5 Rg2+ 0-1

[Event "94th GER-ch"]
[Site "Ostfildern GER"]
[Date "2023.08.16"]
[Round "3.18"]
[White "Herrmann, Jakob"]
[Black "Feidt, Jonas"]
[Result "1-0"]
[WhiteElo "2068"]
[BlackElo "1974"]
[EventDate "2023.08.13"]
[PlyCount "33"]

1.e4 c6 2.Nc3 d5 3.Nf3 Bg4 4.h3 Bxf3 5.Qxf3 e6 6.Be2 Nd7 7.O-O Ngf6 8.d4 
dxe4 9.Nxe4 Nxe4 10.Qxe4 Nf6 11.Qe3 Bd6 12.c4 O-O 13.b3 Rc8 14.Bb2 Qe7 15.
Rad1 Rfd8 16.Bf3 Rc7 17.c5 1-0

[Event "94th GER-ch"]
[Site "Ostfildern GER"]
[Date "2023.08.16"]
[Round "4.1"]
[White "Kunin, Vitaly"]
[Black "Koelle, Tobias"]
[Result "1-0"]
[WhiteElo "2532"]
[BlackElo "2438"]
[EventDate "2023.08.13"]
[PlyCount "53"]

1.d4 Nf6 2.c4 e6 3.Bg5 Bb4+ 4.Nd2 O-O 5.Nf3 d5 6.e3 h6 7.Bxf6 Qxf6 8.Qc2 
Qe7 9.Bd3 dxc4 10.Bxc4 c5 11.O-O cxd4 12.exd4 Bxd2 13.Qxd2 Nc6 14.Rfe1 Qf6
15.Re4 b6 16.Rae1 Na5 17.Bd3 Bb7 18.Rf4 Qe7 19.b4 Bxf3 20.Rxf3 Nc6 21.Rg3 
Kh8 22.Rh3 Qf6 23.Re4 Rad8 24.Rf4 Qg5 25.Rg3 Qe7 26.Rxg7 Rd5 27.Rfxf7 1-0

[Event "94th GER-ch"]
[Site "Ostfildern GER"]
[Date "2023.08.16"]
[Round "4.2"]
[White "Deuer, Marius"]
[Black "Fridman, Daniel"]
[Result "1/2-1/2"]
[WhiteElo "2440"]
[BlackElo "2586"]
[EventDate "2023.08.13"]
[PlyCount "67"]

1.d4 d5 2.c4 e6 3.Nc3 c5 4.cxd5 exd5 5.Nf3 Nc6 6.g3 Nf6 7.Bg2 cxd4 8.Nxd4 
Bc5 9.Nb3 Bb6 10.O-O d4 11.Na4 O-O 12.Bg5 h6 13.Nxb6 axb6 14.Bxc6 bxc6 15.
Bxf6 Qxf6 16.Qxd4 Rd8 17.Qxf6 gxf6 18.Rfd1 Rxd1+ 19.Rxd1 Be6 20.Nc1 Bxa2 
21.Nxa2 Rxa2 22.Rd6 Kg7 23.Rxc6 Rxb2 24.g4 Rxe2 25.Rxb6 Re5 26.Kg2 f5 27.
h3 fxg4 28.hxg4 Rg5 29.Kg3 h5 30.f3 hxg4 31.fxg4 f5 32.Rb4 Rxg4+ 33.Rxg4+ 
fxg4 34.Kxg4 1/2-1/2

[Event "94th GER-ch"]
[Site "Ostfildern GER"]
[Date "2023.08.16"]
[Round "4.3"]
[White "Colbow, Collin"]
[Black "Lagunow, Raphael"]
[Result "1-0"]
[WhiteElo "2409"]
[BlackElo "2413"]
[EventDate "2023.08.13"]
[PlyCount "93"]

1.e4 c5 2.Nf3 Nc6 3.d4 cxd4 4.Nxd4 g6 5.c4 Nf6 6.Nc3 d6 7.Be2 Nxd4 8.Qxd4 
Bg7 9.Be3 O-O 10.Qd2 a5 11.O-O a4 12.Rac1 Qa5 13.f3 Be6 14.Nd5 Bxd5 15.
Qxa5 Rxa5 16.cxd5 Nd7 17.Rc7 Nc5 18.Rb1 Bf6 19.g4 g5 20.h4 h6 21.hxg5 hxg5
22.Kg2 Rb8 23.e5 Bxe5 24.Bxg5 e6 25.Bd2 Raa8 26.f4 Bg7 27.dxe6 fxe6 28.f5 
Rc8 29.Rxc8+ Rxc8 30.fxe6 Nxe6 31.Rc1 Rc5 32.Rxc5 Nxc5 33.Bc4+ Kf8 34.Bc1 
Ke7 35.Kf3 d5 36.Bxd5 Nd3 37.Bg5+ Kd6 38.Bxb7 Bxb2 39.Ba6 Ne5+ 40.Kf4 Nf7 
41.Bh4 Bc1+ 42.Ke4 Kc7 43.Be2 Nd6+ 44.Kd5 Kd7 45.g5 Bf4 46.g6 Ke8 47.Ke6 
1-0

[Event "94th GER-ch"]
[Site "Ostfildern GER"]
[Date "2023.08.16"]
[Round "4.4"]
[White "Weber, Samuel"]
[Black "Hacker, Jonas"]
[Result "0-1"]
[WhiteElo "2276"]
[BlackElo "2406"]
[EventDate "2023.08.13"]
[PlyCount "124"]

1.e4 c5 2.Nf3 Nc6 3.Bb5 g6 4.O-O Bg7 5.Re1 e5 6.d4 cxd4 7.c3 Nge7 8.cxd4 
exd4 9.Bf4 a6 10.Ba4 b5 11.Bb3 d6 12.a4 bxa4 13.Rxa4 O-O 14.Nxd4 Nxd4 15.
Rxd4 Bxd4 16.Qxd4 Nc6 17.Qc3 Qa5 18.Bh6 Qxc3 19.Nxc3 Be6 20.Bxf8 Kxf8 21.
Bd5 Bxd5 22.Nxd5 Rb8 23.Re2 Ne5 24.Ne3 Nd3 25.Nd1 a5 26.Rd2 Rb3 27.Kf1 a4 
28.Ke2 Nf4+ 29.Kf1 Rd3 30.Ke1 Nxg2+ 31.Ke2 Nf4+ 32.Ke1 Ke7 33.Ne3 Rb3 34.
Kd1 Rb4 35.f3 Rb3 36.Nc4 Rxf3 37.Nxd6 Re3 38.Nc8+ Ke6 39.Rd4 Rd3+ 40.Rxd3 
Nxd3 41.Kc2 Nc5 42.Nb6 Ke5 43.Kc3 Kxe4 44.Kc4 Nb7 45.Nxa4 f5 46.Nc3+ Ke5 
47.b4 g5 48.Kd3 g4 49.Ke3 Nd6 50.b5 h5 51.Kf2 h4 52.b6 Kd4 53.Ne2+ Kc5 54.
Ke3 Kxb6 55.h3 gxh3 56.Kf3 Nf7 57.Nd4 Ne5+ 58.Kf2 f4 59.Ne6 f3 60.Kg1 Ng4 
61.Nf4 f2+ 62.Kf1 h2 0-1